000 01654nam a2200301 i 4500
001 153295
003 ES-MaACL
005 20230906205148.0
008 980325s1888 fr af |||| | fre d
080 _a391(091)
100 1 _aRacinet, Auguste.
_9147970
245 1 3 _aLe costume historique
_b: cinq cents planches, trois cents en couleurs, or et argent, deux cents en camaieu : types principaux du vetement et de la parure, rapprochés de ceux de l'intériur|crecueir /
_cpublié sous la direction de A. Racinet..., avec de notices explicatives, una introduction general, des tablet et un glossaire.
260 _aParis :
_bLibrairie de Firmin-Didot et Cie.,
_c1888.
300 _a5 v. :
_bil. ;
_c22 cm.
500 _aGlosario: v. 1, p. [169]-246.
504 _aBibliografía: v. 1, p. [141]-165.
530 _aDisponible en formato digital.
596 _aMarca tip. en port.
650 4 _aTraje-
_xHistoria.
_9136943
650 0 4 _aCivilización.
_911079
852 _aES-MaACL
_jF-4448-52
_z- Enc. hol.
_qSólo el t. I: introducción, tablas ... - Sólo 5 vol.
856 _uhttp://www.archive.org/details/lecostumehistori01raci
_zInternet Archive
_z(v. 1)
856 _uhttp://www.archive.org/details/lecostumehistori02raci
_zInternet Archive
_z(v. 2)
856 _uhttp://www.archive.org/details/lecostumehistori03raci
_zInternet Archive
_z(v. 3)
856 _uhttp://www.archive.org/details/lecostumehistori04raci
_zInternet Archive
_z(v. 4)
856 _uhttp://www.archive.org/details/lecostumehistori05raci
_zInternet Archive
_z(v. 5)
856 _uhttp://www.archive.org/details/lecostumehistori06raci
_zInternet Archive
_z(v. 6)
999 _c153295
_d153295